000 01924cam a22003257i 4500
001 1855
005 20231005090853.0
020 _a9781250026903
020 _a1250026903
040 _aBTCTA
_beng
_cBTCTA
_erda
_dYDXCP
_dBDX
_dKNJ
_dXYZ
_dJAO
_dFOLLT
_dVP@
_dZAC
_dOCLCQ
_dOCLCO
_dHBP
_dCQA
_dOCLCQ
_dDLC
050 0 0 _aPZ7.G88366
_bTh 2013
082 0 4 _a[Fic]
_223
082 0 4 _a823.92
_223
100 1 _aGriffiths, Andy,
_d1961-
_eauthor.
245 1 4 _aThe 13-story treehouse /
_cAndy Griffiths ; illustrated by Terry Denton.
246 3 0 _aThirteen story treehouse
250 _aFirst U.S. edition.
260 _aLondon :
_bMacmillan Children's Books ;
_c2011
300 _a239 pages :
_billustrations ;
_c22 cm
500 _a"Orginally published as The 13-storey treehouse in Australia by Pan Macmillan Australia Pty Ltd."
505 _aK
520 _aWho wouldn't want to live in a treehouse? Especially a 13-story treehouse that has a bowling alley, a see-through swimming pool, a tank full of sharks, a library full of comics, a secret underground laboratory, a games room, self-making beds, vines you can swing on, a vegetable vaporiser and a marshmallow machine that follows you around and automatically shoots your favourite flavoured marshmallows into your mouth whenever it discerns you're hungry. Life would be perfect for Andy and Terry if it wasn't for the fact that they have to write their next book, which is almost impossible because there are just so many distractions, including thirteen flying cats, giant bananas, mermaids, a sea monsters pretending to be mermaids, enormous gorillas, and dangerous burp gas-bubblegum bubbles!
521 _a560
_bLexile
521 _aK
_bRaz-Plus
650 0 _aTree houses
_vJuvenile fiction.
650 0 _aBooks and reading
_vJuvenile fiction.
700 1 _aDenton, Terry,
_eillustrator.
906 _a7
_bcbc
_ccopycat
_d2
_encip
_f20
_gy-gencatlg
942 _2ddc
_cBK
_n0
999 _c1855
_d1855